[Event "Dortmund Sparkassen op-C 47th"]
[Site "Dortmund"]
[Date "2019.07.19"]
[Round "7"]
[White "Schulz, Robin"]
[Black "Ruf, Martin"]
[Result "1/2-1/2"]
[WhiteElo "1212"]
[BlackElo "1272"]
[PlyCount "48"]
[EventDate "2019.07.13"]
[EventType "swiss"]
[EventRounds "9"]
[EventCountry "GER"]
[SourceTitle "CBM 192 Extra"]
[Source "Chessbase"]
[SourceDate "2019.11.06"]
[SourceVersion "1"]
[SourceVersionDate "2019.11.06"]
[SourceQuality "1"]

1. c4 e5 2. g3 d6 3. Bg2 f5 4. Nc3 Nf6 5. e3 g6 6. Nge2 Bg7 7. 0-0 0-0 8. d4 c6 9. dxe5 dxe5 10. Qxd8 Rxd8 11. b3 Na6 12. Ba3 Be6 13. Rad1 Rd7 14. Rd6 Rxd6 15. Bxd6 Nd7 16. f4 e4 17. Rd1 Ndc5 18. b4 Nd3 19. b5 cxb5 20. cxb5 Nac5 21. Nd4 Bf7 22. Bf1 Rd8 23. Bxc5 Nxc5 24. Be2 Ne6 1/2-1/2

[Event "Dortmund Sparkassen op-C 47th"]
[Site "Dortmund"]
[Date "2019.07.17"]
[Round "5"]
[White "Vaghef, Mohammad Reza"]
[Black "Ruf, Martin"]
[Result "0-1"]
[WhiteElo "1056"]
[BlackElo "1272"]
[PlyCount "62"]
[EventDate "2019.07.13"]
[EventType "swiss"]
[EventRounds "9"]
[EventCountry "GER"]
[SourceTitle "CBM 192 Extra"]
[Source "Chessbase"]
[SourceDate "2019.11.06"]
[SourceVersion "1"]
[SourceVersionDate "2019.11.06"]
[SourceQuality "1"]

1. c4 e5 2. g3 d6 3. Bg2 f5 4. Nc3 Nf6 5. e3 g6 6. Nge2 Bg7 7. 0-0 0-0 8. b3 c6 9. Bb2 Na6 10. d4 e4 11. f3 d5 12. fxe4 fxe4 13. cxd5 Nxd5 14. Bxe4 Nxe3 15. Rxf8+ Qxf8 16. Qd3 Bh6 17. d5 Nb4 18. Qb1 cxd5 19. Bh1 Nbc2 20. Nxd5 Bg7 21. Bxg7 Qxg7 22. Nec3 Nxa1 23. Qxa1 Bg4 24. Nf4 Rd8 25. Qe1 Nc2 26. Qe4 Qxc3 27. Nd5 Qa1+ 28. Kg2 Rf8 29. Nf4 Qc3 30. Qd5+ Kg7 31. h3 Ne3+ 0-1